| 000 | 00739nam a2200253 a 4500 | ||
|---|---|---|---|
| 001 | BRCA_7559 | ||
| 005 | 20190320205904.0 | ||
| 008 | 060613s1963----enka######---#000-0#eng-# | ||
| 041 | _aeng | ||
| 044 | _aenk | ||
| 050 | 4 |
_aND588.C7 _b.R84 1963 |
|
| 100 | 1 |
_aRuhmer, E. _918649 |
|
| 245 | 1 | 0 |
_aCranach _cby E. Ruhmer ; translated from the german by Joan Spencer. |
| 260 |
_aLondres _bPhaidon _cc1963 |
||
| 300 |
_a87 p. _bil. a color, 50 láminas _c31 cm. |
||
| 500 | _aS38 | ||
| 504 | _aBibliografĂa p. 83-86 | ||
| 600 | 1 | 4 |
_aCranach, Lucas _cEl viejo _d1472-1553 _vpintor _918650 |
| 650 | 1 | 4 |
_aPintores alemanes _9797 |
| 650 | 1 | 4 |
_aGrabadores alemanes _97216 |
| 700 | 1 |
_aSpencer, Joan _etr. _918651 |
|
| 902 | _aGFM | ||
| 942 |
_2lcc _cB |
||
| 999 |
_c7233 _d7233 |
||